00885nam a2200205 a 450000100100000000500170001000800410002704000250006810000410009324500870013426000430022130000200026449000420028449000690032650000370039583000490043283000760048195201050055799900170066200004365520240301185228.0111021s1986 dr 000 0 spa d aDO-SdBNPbspacBNPHU1 aEngels, Friedrich,d1820-189596030610aLudwig Feuerbach y el fin de la filosofía clásica alemana /cFriedrich Engels. aSanto Domingo :bUniversitaria,c1986. a77 p. ;c21 cm.1 aClasicos del pensamiento universalv11 aPublicaciones de la Universidad Autónoma de Santo Domingov545 aIncluye notas a pie de páginas 0aClasicos del pensamiento universaln1971489 0aPublicaciones de la Universidad Autónoma de Santo Domingon545971490 0010718PDaPDbPDcCTd2014-04-01iLF1l0o p43655-10r2020-06-25w2020-06-25yLFPDZNo se presta c43144d43144